Le dernier mot du proverbe (click quiz) - Statistiques

Statistiques générales
  • Ce quiz a été pris 87 fois
  • Le résultat moyen est 5 sur 7
Statistiques - réponses
Hint Réponse % Correct
Qui est trompé par sa poule perd la boule
100%
Qui vole un bob vole une mob
82%
Toute gaine irrite mémère
81%
Tarzan qui tousse ameute la brousse
79%
Derrière qui coule annonce crotte rousse
74%
Poils au nez qui poussent enlaidissent frimousse
68%
Mieux vaut moutard que goret
44%
Aucun quiz correspondant
Distribution des résultats
% des personnes avec chaque résultat
Percentile par nombre de réponses
Votre historique - résultats
Vous n’avez pas pris ce quiz